La demanda del Santo Graal /
Сохранить в:
| Другие авторы: | |
|---|---|
| Формат: | |
| Язык: | испанский |
| Опубликовано: |
Madrid, España :
Editora Nacional,
1980, c1980
|
| Серии: | (Biblioteca del la Literatura y el Pensamiento Universales ;
32) |
| Предметы: | |
| Метки: |
Нет меток, Требуется 1-ая метка записи!
|
MARC
| LEADER | 00000nam^a2200000^a^4500 | ||
|---|---|---|---|
| 001 | 000158215 | ||
| 005 | 20250521000000.0 | ||
| 009 | 20260310100606.671 | ||
| 020 | |a 84-276-0513-3 | ||
| 037 | |a Acervo ITESO - Biblioteca | ||
| 041 | |a ESP | ||
| 082 | |a 823. |b DEM | ||
| 240 | 1 | 1 | |a [Demanda del Santo Graal] |
| 245 | 0 | 3 | |a La demanda del Santo Graal / |c Ed. e introd. de Carlos Alvar. |
| 264 | 4 | |a Madrid, España : |b Editora Nacional, |c 1980, c1980 | |
| 300 | |a 339 p. | ||
| 336 | |a texto |b txt |2 rdacontenido | ||
| 337 | |a sin mediación |b n |2 rdamedio | ||
| 338 | |a volumen |b nc |2 rdasoporte | ||
| 440 | 1 | |a (Biblioteca del la Literatura y el Pensamiento Universales ; |v 32) | |
| 649 | |a XX | ||
| 650 | |a Leyendas Inglesas | ||
| 650 | |a Novela Inglesa | ||
| 650 | |a Literatura Inglesa - |y Siglo XIII | ||
| 650 | |a Literatura Medieval - |z Inglaterra | ||
| 650 | |a Misticismo en la Literatura | ||
| 650 | |a Novela Caballeresca - |z Inglaterra | ||
| 650 | |a Literatura Epica - |z Inglaterra | ||
| 650 | |a Inglaterra en la Literatura | ||
| 650 | |a Inglaterra - |x Historia - |y Período Medieval y Renacentista, 1066-1649 | ||
| 650 | |a Edad Media - |x Historia | ||
| 700 | |a Alvar, Carlos |e (edición) | ||
| 910 | |a Fondo Armando Suárez Gómez | ||
| 920 | |a Impresos - Libros | ||
| 930 | |a Fondos Especiales | ||
| 940 | |a Literatura | ||
| 905 | |a 111 | ||
| 901 | |a 0700007020 |b IT2 |c ESP |u 20250521 | ||
| 902 | |a https://opac.biblio.iteso.mx/vufind/Record/000158215 | ||